000 00302nam a22001337a 4500
008 170816b xxu||||| |||| 00| 0 eng d
020 _a9780534355623
041 _aeng
080 _24 ED
_a51
100 _a36
101 _aMAT
245 _aSINGLE VARIABLE CALCULUS
_cSTEWART.J
942 _2udc
_cBK
999 _c23789
_d23789